Chartered Institution of Water and Environmental Management (Record no. 120312)

MARC details
000 -LEADER
fixed length control field 00907cam a2200181 4500
001 - CONTROL NUMBER
control field WS122924
008 - FIXED-LENGTH DATA ELEMENTS--GENERAL INFORMATION
fixed length control field 030703n 000 0 eng u
035 ## - SYSTEM CONTROL NUMBER
System control number (Sirsi) u122924
110 ## - MAIN ENTRY--CORPORATE NAME
Corporate name or jurisdiction name as entry element Chartered Institution of Water and Environmental Management
9 (RLIN) 4489
245 ## - TITLE STATEMENT
Title Chartered Institution of Water and Environmental Management
520 ## - SUMMARY, ETC.
Summary, etc. Web site for this multi-disciplinary professional and examining body for scientists, engineers and other environmental professionals and those committed to the sustainable management and development of water and the environment. Includes a searchable list of members and details of events, careers and publications.
650 ## - SUBJECT ADDED ENTRY--TOPICAL TERM
Topical term or geographic name entry element ORGANISATION
650 ## - SUBJECT ADDED ENTRY--TOPICAL TERM
Topical term or geographic name entry element ENVIRONMENTAL MANAGEMENT
650 ## - SUBJECT ADDED ENTRY--TOPICAL TERM
Topical term or geographic name entry element WATER
690 ## - LOCAL SUBJECT ADDED ENTRY--TOPICAL TERM (OCLC, RLIN)
Topical term or geographic name as entry element ENVIRONMENTAL AND LAND CONSULTANCY
856 40 - ELECTRONIC LOCATION AND ACCESS
Uniform Resource Identifier <a href="https://www.ciwem.org.uk">https://www.ciwem.org.uk</a>
Public note View the website free of charge at www.ciwem.org.uk...
942 ## - ADDED ENTRY ELEMENTS (KOHA)
Suppress in OPAC 0
Holdings
Withdrawn status Lost status Source of classification or shelving scheme Damaged status Not for loan Home library Current library Shelving location Date acquired Total Checkouts Full call number Barcode Date last seen Copy number Price effective from Koha item type
    Dewey Decimal Classification     Virtual Virtual Online 03/07/2003   WEB SITE 122924-1001 06/08/2019 1 06/08/2019 Online material